| 000 | 01172nam a22002297a 4500 | ||
|---|---|---|---|
| 999 |
_c62141 _d62141 |
||
| 005 | 20240723110706.0 | ||
| 008 | 240723s2007 ge ||||| |||| 00| 0 ger d | ||
| 020 | _a9783825229269 | ||
| 041 | _ager | ||
| 080 | _a821.112.2.092 D-74 | ||
| 100 |
_aDörr, Volker C., 1966- _922900 |
||
| 245 |
_aWeimarer Klassik / _c Volker C. Dörr ; ed. Eke, Norbert Otto, |
||
| 264 |
_aWilhelm Fink: _bPaderborn, _c2007. |
||
| 300 |
_a238, [2] p. : _b ill. ; _c 22 cm. |
||
| 440 |
_aLiteraturwissenschaft elementar / Hrsg. von Norbert Otto Eke UTB ; 2926 _922901 |
||
| 500 | _aშენიშვნები: გვ. 209–235. | ||
| 505 | _aსაძიებელი: გვ. 236–238. | ||
| 653 | _a Bellettrie Criticism, interpretation, etc Deutsch Duits Geschichte 1786-1805 | ||
| 653 | _aთარგმანები ქართულ ენაზე -- 1772-1805 წწ. გერმანელი მწერლები. გოეთე, იოჰან ვოლფგანგ, 1749-1832 წწ. შილერი, ფრიდრიხ, 1759-1805 წწ. | ||
| 700 |
_aNorbert Otto, Eke _eრედაქტორი _922902 |
||
| 942 |
_2udc _cᲬᲘᲒᲜᲘ |
||